000 00912nam a2200229Ii 4500
003 JO-AjNU
008 230605s9999||||xx |||||||||||||| ||und||
017 _a2022/2/639
020 _a978-9957-94-787-3
040 _aJO-AjNU
_bara
_erda
_cJO-AjNU
041 _aara
050 1 4 _aBH39.H76 2022
100 3 _aالشيخ، حنان,
_eauthor
_963757
245 0 0 _aدراسة تأملية في فلسفة وعلم الجمال: ( مسافة العبور)
264 3 1 _aعمان: وزارة الثقافه، 2022
300 _a162ص
336 _atext
_btxt
_2rdacontent
337 _aunmediated
_bn
_2rdamedia
338 _avolume
_bnc
_2rdacarrier
490 0 _aسلسلة الفلسفة للشباب من منشورات وزارة الثقافة / الاردن
650 4 _aالفلسفة الفنية -الفلسفة الجمالية-الأخلاف-الفلسفة الغربية-الفلاسفة
_963758
999 _aA28937
_c32505
_d32505